Normal view
MARC view
- Public speaking.
Entry Topical Term
001 - CONTROL NUMBER
- control field: 30004
003 - CONTROL NUMBER IDENTIFIER
- control field: NUST
005 - DATE AND TIME OF LATEST TRANSACTION
- control field: 20200909111453.0
008 - FIXED-LENGTH DATA ELEMENTS
- fixed length control field: 200909|| aca||aabn | a|a d
040 ## - CATALOGING SOURCE
- Original cataloging agency: NUST
- Transcribing agency: NUST
150 ## - HEADING--TOPICAL TERM
- Topical term or geographic name entry element: Public speaking.
670 ## - SOURCE DATA FOUND
- Source citation: Work cat.: (NUST)0: Mintzer, Richard. 30003, Public speaking for wimps ; :, 2005.
